Statistics for Geographic Groups of Three in the World

Click here to take the quiz!

General Stats

  • This quiz has been taken 1,331 times
  • The average score is 41 of 60

Answer Stats

Answer% Correct
Sweden
97%
Norway
96%
Wales
96%
Denmark
96%
Scotland
96%
England
95%
Estonia
95%
Latvia
95%
Lithuania
94%
California
92%
Belgium
91%
Luxembourg
90%
Ireland
90%
Netherlands
90%
Washington
89%
Greek
88%
Yellow
88%
Turkish
86%
United Arab Emirates
86%
Oregon
85%
United Kingdom
84%
Yangtze
80%
Laos
80%
Kenya
79%
Vietnam
79%
Cambodia
78%
Caspian
78%
Uganda
78%
Tanzania
78%
Qatar
75%
Georgia
75%
Monaco
74%
English
73%
Congo
73%
Armenia
73%
Azerbaijan
70%
France
69%
Kuwait
68%
Andorra
68%
Lesotho
61%
Liechtenstein
60%
Yukon
59%
Swaziland
59%
Argentina
57%
Chile
57%
Dead
57%
Morocco
50%
Rwanda
50%
Uruguay
49%
Nunavut
45%
Burundi
41%
Sicily
37%
Corsica
36%
Sardinia
36%
Pearl
34%
Aral
31%
Northwest Territories
29%
Anjouan
4%
Mohéli
4%
Grand Comore
4%

Score Distribution

Percentile by Number Answered

Percent of People with Each Score

Your Score History

You have not taken this quiz